Parts of an animal cell - sudden death - Statistics

General Stats
  • This quiz has been taken 49 times
  • The average score is 5 of 13
Answers on the Grid
Answers color-coded by a green-red scale on the quiz's grid according to % correct below.
Nuclear pore
Smooth endoplasmic reitculum
Ribosome
Minor endoplasmic reticulum
Lysosome
Cell membrane
Dialose
Centriole
Cell wall
Vacuole
Nucleoplasm
Cellulose
Golgi apparatus
Cytoplasm
Phloem
Nuclear surface
Nucleolus
Mitochondria
Rough endoplasmic reticulum
Kitosome
Major endoplasmic reticulum
Nuclear envolope
Xylem
Chloroplast
 
Answer Stats
Answer % Correct
Mitochondria
57%
Ribosome
57%
Cytoplasm
53%
Nucleolus
47%
Cell membrane
43%
Golgi apparatus
33%
Lysosome
33%
Rough endoplasmic reticulum
30%
Smooth endoplasmic reitculum
27%
Centriole
23%
Nucleoplasm
23%
Nuclear envolope
20%
Nuclear pore
13%
No matching quizzes found
Score Distribution
Percent of People with Each Score
Percentile by Number Answered
Your Score History
You have not taken this quiz